Guess the Fusion Rock Song Lyrics #41 - Statistics

General Stats
  • This quiz has been taken 15 times
  • The average score is 151 of 272
Answer Stats
Answer % Correct
a
100%
Be
100%
be
100%
when
100%
and
91%
is
91%
of
91%
on
91%
the
91%
The
91%
to
91%
To
91%
for
82%
go
82%
he
82%
He
82%
in
82%
so
82%
There
82%
there
82%
Where
82%
cause
73%
do
73%
his
73%
just
73%
What
73%
win
73%
all
64%
got
64%
heart
64%
night
64%
see
64%
they
64%
They
64%
will
64%
always
55%
can't
55%
get
55%
gone
55%
have
55%
her
55%
knows
55%
Little River Band
55%
Out
55%
out
55%
they're
55%
They're
55%
time
55%
beat
45%
girl
45%
goes
45%
gonna
45%
need
45%
she's
45%
their
45%
there's
45%
done
36%
He's
36%
he's
36%
owl
36%
right
36%
Stay
36%
still
36%
up
36%
away
27%
calling
27%
every
27%
find
27%
hearts
27%
He'll
27%
looks
27%
Must
27%
owls
27%
street
27%
they've
27%
become
18%
fine
18%
strong
18%
until
18%
across
9%
bar
9%
belong
9%
crying
9%
dawn
9%
falling
9%
feet
9%
floor
9%
kind
9%
line
9%
Move
9%
shuffles
9%
soul
9%
till
9%
dressed
0%
gypsy
0%
howl
0%
kill
0%
restless
0%
rock
0%
roll
0%
Wearing
0%
No matching quizzes found
Score Distribution
Percent of People with Each Score
Percentile by Number Answered
Your Score History
You have not taken this quiz